000 00647nam a2200205Ia 4500
001 15288
003 GE_BSU
008 181216s||||||||xx |||||||||||||| ||und||
040 _cGE_BSU
080 _a821.353.1+821.353.1-2
100 _aშანშიაშვილი, სანდრო
245 _aრჩეული თხზულებანი 4 ტომად. ტ.1
245 _bპიესები
260 _aთბილისი
260 _bსაბჭოთა საქართველო
260 _c1960
300 _a421გვ.1ფ.პორტრ 23სმ.
653 _aპიესები
942 _cBK
999 _c48397
_d48397